Visualizzazione normale
Vista MARC
- Hidalgo Juan
di Personal Name
Records bibliografici associati: 1
001 - CONTROL NUMBER
- control field: 2668
003 - CONTROL NUMBER IDENTIFIER
- control field: IT-RoPau
005 - DATE AND TIME OF LATEST TRANSACTION
- control field: 20131121101346.0
008 - FIXED-LENGTH DATA ELEMENTS
- fixed length control field: 131121|| aca||aabn | a|a d
040 ## - CATALOGING SOURCE
- Original cataloging agency: IT-RoPau
- Transcribing agency: IT-RoPau
100 ## - HEADING--PERSONAL NAME
- Personal name: Hidalgo Juan
- Miscellaneous information: Codice autore SPICS: 10949
- Relator term: Autore
670 ## - SOURCE DATA FOUND
- Source citation: Work cat.: (IT-RoPau)100571: Hidalgo Juan 2665, Tamaran (gocce di sperma per dodici pianoforti)-Crslp 6102